000 00769nam0a22002411 4500
001 rc\409162
005 20250621074530.0
010 _a5-01-001830-6
_948000
035 _a(NLR Aleph) 005657278
090 _a6835229
_c6835229
100 _a20030616d1988 |||y0rusy50 ca
101 0 _arus
102 _aRU
105 _aa |||||||||
200 1 _aАмериканцы пишут Горбачеву
_e[Сборник
_fПредисл. В. Коротича, С. Коэна, с. 9-35]
210 _aМ.
_cПрогресс
_d1988
215 _a353, [6] с.
_cил., факс.
_d20
600 1 _aГорбачев
_bМ.С.
_gМихаил Сергеевич
_2psbo
801 0 _aRU
_bNLR
_gpsbo
801 1 _aRU
_bELAR
_2rusmarc
852 _aNLR
_j88-3/7141
942 _cBOOK
980 _aNB